<?xml version="1.0" encoding="UTF-8"?>
<marc:record xmlns:marc="http://www.loc.gov/MARC21/slim">
   <marc:leader>00000nam a2200000 a 4500</marc:leader>
   <marc:datafield ind1="1" ind2=" " tag="100">
      <marc:subfield code="a">Rätsch, Christian</marc:subfield>
      <marc:subfield code="4">aut</marc:subfield>
      <marc:subfield code="e">Verfasser/-in</marc:subfield>
   </marc:datafield>
   <marc:datafield ind1=" " ind2=" " tag="653">
      <marc:subfield code="a">Geschichte</marc:subfield>
   </marc:datafield>
   <marc:datafield ind1=" " ind2=" " tag="653">
      <marc:subfield code="a">Räuchermittel</marc:subfield>
   </marc:datafield>
   <marc:datafield ind1=" " ind2=" " tag="653">
      <marc:subfield code="a">Ritual</marc:subfield>
   </marc:datafield>
   <marc:datafield ind1=" " ind2=" " tag="653">
      <marc:subfield code="a">Ethnomedizin</marc:subfield>
   </marc:datafield>
   <marc:datafield ind1=" " ind2=" " tag="653">
      <marc:subfield code="a">Kultur</marc:subfield>
   </marc:datafield>
   <marc:datafield ind1=" " ind2=" " tag="653">
      <marc:subfield code="a">Hausmittel</marc:subfield>
   </marc:datafield>
   <marc:datafield ind1=" " ind2=" " tag="653">
      <marc:subfield code="a">Volksheilmittel</marc:subfield>
   </marc:datafield>
   <marc:datafield ind1=" " ind2=" " tag="653">
      <marc:subfield code="a">Wörterbuch</marc:subfield>
   </marc:datafield>
   <marc:datafield ind1="0" ind2="0" tag="245">
      <marc:subfield code="a">Räucherstoffe, der Atem des Drachen</marc:subfield>
   </marc:datafield>
   <marc:datafield ind1="0" ind2="0" tag="245">
      <marc:subfield code="b">72 Pflanzenporträts ; Ethnobotanik, Rituale und praktische Anwendungen</marc:subfield>
   </marc:datafield>
   <marc:datafield ind1="0" ind2="0" tag="245">
      <marc:subfield code="c">Christian Rätsch</marc:subfield>
   </marc:datafield>
   <marc:datafield ind1=" " ind2="1" tag="264">
      <marc:subfield code="a">Aarau, Schweiz</marc:subfield>
      <marc:subfield code="b">AT-Verl.</marc:subfield>
      <marc:subfield code="c">2006</marc:subfield>
   </marc:datafield>
   <marc:datafield ind1=" " ind2=" " tag="250">
      <marc:subfield code="a">Vollst. durchges. Neuausg.</marc:subfield>
   </marc:datafield>
   <marc:datafield ind1="1" ind2=" " tag="520">
      <marc:subfield code="a">Angaben aus der Verlagsmeldung

Räucherstoffe - Der Atem des Drachens : 72 Pflanzenporträts - Ethnobotanik, Rituale und praktische Anwendungen / von Christian Rätsch

"Räucherstoffe – Der Atem des Drachen
72 Pflanzenporträts - Ethnobotanik, Rituale und praktische Anwendungen
Das Entzünden von Räucherwerk gehört zu den ältesten rituellen Praktiken der Menschheit. Schamanen versetzten sich mit dem aufsteigenden Rauch bestimmter Hölzer, Harze und Blätter in Trance. Seherinnen inhalierten den Rauch von bewusstseinsverändernden Stoffen, um in Ekstase zu verfallen. Priesterinnen und Priester verbrannten Harze, um den Kontakt mit den Göttern und Göttinnen herzustellen. Dem aromatischen Rauch wurden seit jeher magische oder medizinische Eigenschaften zugeschrieben.

Nach einer Einführung in die Kulturgeschichte des Räucherns werden in einem umfassenden lexikalischen Teil sämtliche Räucherstoffe von Aloe bis Zypresse ausführlich in Text und Bild dargestellt: Botanische Beschreibung der Stammpflanze, Geschichte, Ritual und Brauchtum, Wirkungen und Anwendungsmöglichkeiten, Chemie und Pharmakologie, Hinweise zu Ernte und Zubereitung.

Über die fundierte ethnobotanische und ethnopharmakologische Darstellung der Räucherstoffe öffnet das Buch eine Tür zu den Mysterien der Natur, vermittelt Einblicke und regt zu eigenem kreativem Umgang an."
</marc:subfield>
   </marc:datafield>
   <marc:datafield ind1=" " ind2=" " tag="020">
      <marc:subfield code="a">9783038003021</marc:subfield>
      <marc:subfield code="9">9783038003021</marc:subfield>
   </marc:datafield>
   <marc:datafield ind1=" " ind2=" " tag="020">
      <marc:subfield code="a">3038003026</marc:subfield>
      <marc:subfield code="9">3038003026</marc:subfield>
   </marc:datafield>
   <marc:datafield ind1=" " ind2=" " tag="041">
      <marc:subfield code="a">ger</marc:subfield>
   </marc:datafield>
   <marc:datafield ind1=" " ind2=" " tag="300">
      <marc:subfield code="a">237 S.</marc:subfield>
   </marc:datafield>
</marc:record>
